| 000 | 00943nas a2200313 4500 | ||
|---|---|---|---|
| 001 | BR2013000450 | ||
| 003 | BR-BrBNA | ||
| 005 | 20231205121822.0 | ||
| 007 | ta | ||
| 008 | 230509b bl.|||p| |||| 00| 00por d | ||
| 040 |
_aBR-BrBNA _bpor _cBiblioteca Nacional de Agricultura |
||
| 041 | _a(Pt) | ||
| 072 | _aL40; L70 | ||
| 100 | 1 | _aMichima, L.E.S. | |
| 100 | 1 | _aLeal, M.L.R. | |
| 100 | 1 | _aBertagon, H.G. | |
| 100 | 1 | _aFernandes, W.R. | |
| 100 | 1 | _aBenesi, F.J. | |
| 245 | 1 | _aAvaliação ecocardiográfica em bezerros da raça Holandesa | |
| 246 | 1 | _aEchocardiographic evaluation in Holstein calves | |
| 650 | _aBEZERRO | ||
| 650 | _aGADO HOLANDÊS | ||
| 650 | _aANATOMIA ANIMAL | ||
| 650 | _aCORAÇÃO | ||
| 650 | _aVETERINÁRIA | ||
| 773 | 0 |
_tPesquisa Veterinária Brasileira (Brazil) _xISSN 0100-736X _g(Dec 2007), v. 27(12) p. 481-486 _wBR2013000450 |
|
| 909 |
_a202311 _bLúcia _c55 _dLúcia Elande |
||
| 942 |
_2AGRIS _n0 _cANA |
||
| 999 |
_c225401 _d225401 |
||